MARC

LEADER 00000nam0a2200000 4500
001 40690
005 20231031013250.0
010 |a 5829100444 
035 |a (RuTPU)RU\TPU\book\41751 
090 |a 40690 
100 |a 20020521d2001 m y0rusy50 ca 
101 0 |a rus 
102 |a RU 
105 |a a j 001zy 
200 1 |a Культурная политика России: теория и история  |e учебное пособие  |f В. С. Жидков, К. Б. Соколов 
210 |a Москва  |c Академический проект  |d 2001 
215 |a 591 с.  |c ил. 
225 1 |a Gaudeamus 
320 |a Библиогр. в конце глав. 
610 1 |a культура 
610 1 |a культурология 
610 1 |a культурная политика 
610 1 |a теория 
610 1 |a Россия 
610 1 |a история 
610 1 |a учебные пособия 
686 |a Ч111я73  |v LBC/SL-A  |2 rubbk 
700 1 |a Жидков  |b В. С.  |g Владимир Сергеевич 
701 1 |a Соколов  |b К. Б.  |g Константин Борисович 
801 1 |a RU  |b 63413507  |c 20020521  |g PSBO 
801 2 |a RU  |b 63413507  |c 20170605  |g PSBO 
942 |c BK